اردو کے نتخب دپو تا ژ : (Record no. 109606)

MARC details
000 -LEADER
fixed length control field 00872nam a22002537a 4500
005 - DATE AND TIME OF LATEST TRANSACTION
control field 20170123162357.0
010 ## - LIBRARY OF CONGRESS CONTROL NUMBER
LC control number B-209136
020 ## - INTERNATIONAL STANDARD BOOK NUMBER
Terms of availability 280.00
International Standard Book Number 8188413364
035 ## - SYSTEM CONTROL NUMBER
System control number B-209136
037 ## - SOURCE OF ACQUISITION
Source of stock number/acquisition Cen Lib/Ret
040 ## - CATALOGING SOURCE
Original cataloging agency DPL
Language of cataloging UR
082 ## - DEWEY DECIMAL CLASSIFICATION NUMBER
Classification number 854
Item number ا ر د
100 ## - MAIN ENTRY--PERSONAL NAME
Personal name اردو کے نتخب دپو تا ژ مرتبہ طلعت گل
9 (RLIN) 143410
245 ## - TITLE STATEMENT
Title اردو کے نتخب دپو تا ژ :
Statement of responsibility, etc مرتبہ طلعت گل
246 ## - VARYING FORM OF TITLE
Title proper/short title Urdu ke Muntakhab /
Remainder of title by Talat Gul
260 ## - PUBLICATION, DISTRIBUTION, ETC. (IMPRINT)
Place of publication, distribution, etc New Delhi
Name of publisher, distributor, etc M.R. Publications
Date of publication, distribution, etc 2006
270 ## - ADDRESS
City دہلی
Address 2652/55, first Floor, kucha chelan, Daryaganj
Postal code 110002
300 ## - PHYSICAL DESCRIPTION
Extent 318ص
Dimensions 19cm(Hb)
650 ## - SUBJECT ADDED ENTRY--TOPICAL TERM
Topical term or geographic name as entry element ادب -- اردو
9 (RLIN) 143411
650 ## - SUBJECT ADDED ENTRY--TOPICAL TERM
Topical term or geographic name as entry element اردو سونے عمری
9 (RLIN) 108484
650 ## - SUBJECT ADDED ENTRY--TOPICAL TERM
Topical term or geographic name as entry element Literature -- Urdu
9 (RLIN) 143412
650 ## - SUBJECT ADDED ENTRY--TOPICAL TERM
Topical term or geographic name as entry element Urdu biography
9 (RLIN) 511
942 ## - ADDED ENTRY ELEMENTS (KOHA)
Source of classification or shelving scheme Dewey Decimal Classification
Koha item type Urdu Bks
Classification part 840۔355
Call number suffix ا ر د
Holdings
Withdrawn status Lost status Damaged status Not for loan Home library Current library Date acquired Source of acquisition Cost, normal purchase price Total Checkouts Full call number Barcode Date last seen Price effective from Koha item type
        Central Library Central Library 12/04/2016 DPL 280.00   854 ا ر د B-209136 12/04/2016 12/04/2016 Urdu Bks

© Delhi Public Library
Hit Counter
free hit counter